Kesin inançlılar : (Record no. 15056)

MARC details
000 -BAŞLIK
Sabit Uzunlukta Kontrol Alanı 00865nam a22002537a 4500
999 ## - SİSTEM KONTROL NUMARALARI (KOHA)
Koha Biblionumber 15056
Koha Biblioitemnumber 15056
003 - KONTROL NUMARASI IDENTIFIER
Denetim Alanı MIRAKIL
005 - SON İŞLEM TARİHİ VE ZAMANI
Denetim Alanı 20221025120629.0
008 - SABİT-BOY VERİ ELEMANLARI - GENEL BİLGİLER
Sabit Uzunlukta Kontrol Alanı 221025b tu ||||| |||| 00| 0 tur d
020 ## - ULUSLARARASI STANDART KİTAP NUMARASI
Uluslararası Standart Kitap Numarası 9786056923975
040 ## - KATALOGLAMA KAYNAK
Orijinal Kataloglama Ajansı TR-AnCHP
Metne Dönüştürmek Ajansı TR-AnCHP
041 ## - DİL KODU
Metin / Ses Parça Veya Ayrı Başlığın Dil Kodu tur
082 ## - DEWEY ONLU SINIFLANDIRMA NUMARASI
Sınıflandırma Numarası 303.4
Ürün Numarası H62k 2019
100 ## - ANA GİRİŞ - KİŞİSEL İSİM
Kişisel Ad Hoffer, Eric
245 10 - BAŞLIK TABLOSU
Başlık Kesin inançlılar :
Başlığın Kalan kitle hareketlerinin doğası üzerine incelemeler /
Sorumluluk Tablosu, Vb Eric Hoffer ; çeviren Erkıl Günur.
246 ## - UNVAN FORM VARYING
Başlık Doğru / Kısa Başlığı kitle hareketlerinin doğası üzerine incelemeler
260 ## - YAYIN, DAĞITIM, VB
Yayın, Dağıtım, Vb Yeri İstanbul :
Yayıncı, Dağıtıcı, Vs Adı Olvido Kitap,
Yayın, Dağıtım, Vb Tarihi 2019.
300 ## - FİZİKSEL TANIM
Kapsam 207 s.:
Boyutlar 20 sm.
490 0# - SERİSİ TABLOSU
Seri Beyanı Olvido;
Hacim / Ardışık Tanımı Bilim-düşünce
504 ## - KAYNAKÇA VB NOT
Kaynakça Vb Notu Bibliyografik bilgi içerir.
650 #0 - KONU KATMA GİRİŞ - TOPİKAL DÖNEM
9 (RLIN) 5802
Topikal Süreli Veya Coğrafi Ad Giriş Elemanı Sosyal Psikoloji
Genel Alt Bölümü Sosyal gruplar
700 ## - KATMA GİRİŞ - KİŞİSEL İSİM
9 (RLIN) 7238
Kişisel Ad Günur, Erkıl
Relator Terim çev.
740 ## - KATMA GİRİŞ - KONTROLSUZ İLGİLİ / ANALİTİK BAŞLIK
Kontrol Edilmeyen / İlgili Analitik Başlıktaki kitle hareketlerinin doğası üzerine incelemeler
942 ## - EKLENDİ GİRİŞ ELEMANLARI (KOHA)
Sınıflandırma Veya Raf Düzeni Kaynak Dewey Decimal Classification
Koha Öğesi Türü Books
Holdings
Kalıcı Konum Mevcut Konum Edinme Tarihi Toplam Check-Out'Lar Tam Çağrı Numarası Barkod Tarih Son Görülme İtibaren Geçerli Fiyatlar Koha Öğesi Türü
CHP Kütüphanesi CHP Kütüphanesi 10/25/2022   303.4 H62k 2019 020600 10/25/2022 10/25/2022 Books